LIBRARY & INFORMATION CENTRE, KCAET, TAVANUR

ONLINE PUBLIC ACCESS CATALOGUE (OPAC)

Theory and problems of partial differential equations / (Record no. 9038)

MARC details
000 -LEADER
fixed length control field 00671cam a2200241ua 4500
020 ## - INTERNATIONAL STANDARD BOOK NUMBER
ISBN 0 07 017897 6
041 ## - LANGUAGE CODE
Language code of text/sound track or separate title eng
082 ## - DEWEY DECIMAL CLASSIFICATION NUMBER
Classification number 515.35
Item number DUC/TH
100 ## - MAIN ENTRY--AUTHOR NAME
Personal name Dachateau, Paul .
245 ## - TITLE STATEMENT
Title Theory and problems of partial differential equations /
250 ## - EDITION STATEMENT
Edition statement 1 /
260 ## - PUBLICATION, DISTRIBUTION, ETC. (IMPRINT)
Place of publication New York :
Name of publisher McGraw Hill Book Company ,
Year of publication 1986.
300 ## - PHYSICAL DESCRIPTION
Number of Pages 241 ; .
490 0# - SERIES STATEMENT
Series statement Schaum`s outline series,
Volume number/sequential designation
700 1# - ADDED ENTRY--PERSONAL NAME
Personal name Zachmann, David W .
942 ## - ADDED ENTRY ELEMENTS (KOHA)
Koha item type Books
Holdings
Withdrawn status Lost status Damaged status Home library Current library Date acquired Full call number Accession Number Koha item type
      KAUAET KAUAET 07/04/2012 515.35 16921 Books
      KAUAET KAUAET 07/04/2012 515.35 18184 Books
      KAUAET KAUAET 07/04/2012 515.35 18183 Books
      KAUAET KAUAET 07/04/2012 515.35 18182 Books
free website counter